[Event "19th Open B"]
[Site "Zadar"]
[Date "2012.12.19"]
[Round "5.5"]
[White "Tesla, Miro"]
[Black "Medancic, Rikard"]
[Result "1-0"]
[WhiteElo "2017"]
[BlackElo "2236"]
[PlyCount "111"]
[EventDate "2012.12.16"]
[EventRounds "9"]
[EventCountry "CRO"]
[Source "crochess.com"]
[SourceDate "2012.12.22"]

1. d4 Nf6 2. Nf3 g6 3. Bf4 Bg7 4. c4 d5 5. e3 O-O 6. Nc3 c5 7. Be2 Nc6 8. dxc5
Qa5 9. Qa4 Qxc5 10. Qb5 Qxb5 11. cxb5 Nb8 12. O-O Nbd7 13. Rfd1 e6 14. Rac1 Re8
15. Bd6 Nb6 16. b3 Bd7 17. a4 Nc8 18. Be5 Ne7 19. Na2 Rec8 20. Bd3 Be8 21. Bd4
Nd7 22. Bxg7 Kxg7 23. b4 Nb6 24. a5 Na4 25. Bf1 Nf5 26. Nd2 Nd6 27. Nb3 Nxb5
28. Nc5 Nxc5 29. bxc5 a6 30. Rd2 Rc7 31. Rdc2 Rac8 32. Nb4 f6 33. c6 Bxc6 34.
Bxb5 axb5 35. a6 bxa6 36. Nxa6 Ra7 37. Rxc6 Rxc6 38. Rxc6 b4 39. Rc7+ Rxc7 40.
Nxc7 b3 41. Nb5 e5 42. Kf1 Kf7 43. Ke2 b2 44. Na3 Ke6 45. Kd2 Kf5 46. Kc2 Ke4
47. Kxb2 Kd3 48. Nb5 d4 49. exd4 exd4 50. f3 Ke3 51. Kc1 d3 52. Kd1 Kf2 53. Nd4
Kxg2 54. Kd2 Kxh2 55. Kxd3 Kg3 56. Ke3 1-0

[Event "19th Open B"]
[Site "Zadar"]
[Date "2012.12.19"]
[Round "5.6"]
[White "Mihalinec, Damir"]
[Black "Berke, Ana"]
[Result "1-0"]
[WhiteElo "2235"]
[BlackElo "2151"]
[PlyCount "109"]
[EventDate "2012.12.16"]
[EventRounds "9"]
[EventCountry "CRO"]
[Source "crochess.com"]
[SourceDate "2012.12.22"]

1. c4 e5 2. Nc3 Nf6 3. Nf3 Nc6 4. g3 Bb4 5. Bg2 O-O 6. O-O Re8 7. a3 Bxc3 8.
bxc3 e4 9. Nd4 Ne5 10. Qb3 Qe7 11. Nf5 Qc5 12. Ne3 d6 13. Rb1 Rb8 14. Nd5 Nxc4
15. Nxf6+ gxf6 16. d3 exd3 17. exd3 Na5 18. Qa4 c6 19. d4 Qxc3 20. Bb2 Qd2 21.
d5 b5 22. Qh4 Qg5 23. Qb4 Nc4 24. dxc6 a5 25. Qc3 Bf5 26. Rbd1 Be4 27. Qxf6
Qxf6 28. Bxf6 Bxg2 29. Kxg2 Rec8 30. Rd5 h6 31. Re1 Rxc6 32. Rh5 Kh7 33. g4 Kg6
34. Bd4 Nxa3 35. Re7 Nc2 36. Ba7 Ra8 37. Rxb5 Ra6 38. Rbb7 Rf8 39. f4 d5 40.
Re2 Rc8 41. h4 d4 42. h5+ Kf6 43. Ree7 Rf8 44. Bb8 Ne3+ 45. Kf3 Nc4 46. Red7
Ra8 47. Ba7 Nd2+ 48. Ke2 Nb3 49. Rxb3 Rfe8+ 50. Kd2 Ke6 51. Rbb7 f5 52. gxf5+
Kxf5 53. Rxd4 Kg4 54. Rg7+ Kxh5 55. Rd5+ 1-0

[Event "19th Open B"]
[Site "Zadar"]
[Date "2012.12.19"]
[Round "5.8"]
[White "Fucak, Emilijo"]
[Black "Deur Saric, Zrinka"]
[Result "1/2-1/2"]
[WhiteElo "2222"]
[BlackElo "2124"]
[PlyCount "82"]
[EventDate "2012.12.16"]
[EventRounds "9"]
[EventCountry "CRO"]
[Source "crochess.com"]
[SourceDate "2012.12.22"]

1. Nf3 c5 2. b3 Nc6 3. Bb2 Nf6 4. e3 d5 5. Bb5 Qb6 6. Bxc6+ Qxc6 7. Ne5 Qd6 8.
Qe2 Nd7 9. f4 Nxe5 10. Bxe5 Qc6 11. d3 f6 12. Bb2 g6 13. c4 dxc4 14. dxc4 Be6
15. O-O Bg7 16. e4 Bf7 17. Nc3 e6 18. Nd5 e5 19. Nxf6+ Bxf6 20. fxe5 Bg7 21. e6
O-O 22. Bxg7 Kxg7 23. Qb2+ Kg8 24. exf7+ Rxf7 25. Rxf7 Kxf7 26. Qe5 Re8 27.
Qd5+ Qxd5 28. exd5 Re2 29. h3 a6 30. Rf1+ Ke7 31. Rf2 Re1+ 32. Kh2 b5 33. Kg3
bxc4 34. bxc4 Rc1 35. Re2+ Kd7 36. Re6 Rc3+ 37. Kf4 Rxc4+ 38. Ke5 Rc2 39. Rd6+
Ke7 40. Re6+ Kd7 41. Rd6+ Ke7 1/2-1/2

[Event "19th Open B"]
[Site "Zadar"]
[Date "2012.12.19"]
[Round "5.10"]
[White "Kljako, Damir"]
[Black "Glavan, Marko"]
[Result "1/2-1/2"]
[WhiteElo "2208"]
[BlackElo "1981"]
[PlyCount "20"]
[EventDate "2012.12.16"]
[EventRounds "9"]
[EventCountry "CRO"]
[Source "crochess.com"]
[SourceDate "2012.12.22"]

1. d4 Nf6 2. Nf3 g6 3. Bg5 Bg7 4. Nbd2 O-O 5. h3 d6 6. c3 Nbd7 7. e3 h6 8. Bh4
Qe8 9. Be2 e5 10. dxe5 dxe5 1/2-1/2

[Event "19th Open B"]
[Site "Zadar"]
[Date "2012.12.19"]
[Round "6.1"]
[White "Brigljevic, Milan"]
[Black "Blazeka, Matej"]
[Result "1/2-1/2"]
[WhiteElo "2213"]
[BlackElo "2271"]
[PlyCount "26"]
[EventDate "2012.12.16"]
[EventRounds "9"]
[EventCountry "CRO"]
[Source "crochess.com"]
[SourceDate "2012.12.22"]

1. Nf3 d5 2. d4 Nf6 3. e3 e6 4. Bd3 c5 5. O-O Bd6 6. b3 Nc6 7. Bb2 b6 8. Nbd2
O-O 9. Ne5 Bb7 10. a3 Rc8 11. f4 Ne7 12. Qe2 Ne4 13. Rac1 f6 1/2-1/2

[Event "19th Open B"]
[Site "Zadar"]
[Date "2012.12.19"]
[Round "6.2"]
[White "Stipic, Marko"]
[Black "Mihalinec, Damir"]
[Result "0-1"]
[WhiteElo "2215"]
[BlackElo "2235"]
[PlyCount "58"]
[EventDate "2012.12.16"]
[EventRounds "9"]
[EventCountry "CRO"]
[Source "crochess.com"]
[SourceDate "2012.12.22"]

1. g3 g6 2. Bg2 Bg7 3. e4 c5 4. Ne2 Nc6 5. c3 Qb6 6. Na3 Nf6 7. O-O O-O 8. d4
cxd4 9. cxd4 d5 10. e5 Ng4 11. b3 h5 12. Bb2 Bf5 13. h3 Nh6 14. Kh2 Nb4 15. Nf4
e6 16. Qd2 Rfc8 17. Bc3 Bf8 18. Rfc1 Rc6 19. Bf1 a6 20. Bb2 Rac8 21. Rc3 Qa5
22. Rxc6 Rxc6 23. Nd3 Bxd3 24. Bxd3 Qc7 25. f3 Nxd3 26. Qxd3 Bxa3 27. Bxa3 Rc3
28. Qd1 Rc2+ 29. Kg1 Qc3 0-1

[Event "19th Open B"]
[Site "Zadar"]
[Date "2012.12.19"]
[Round "6.5"]
[White "Vrhovnik, Damir"]
[Black "Curic, Drazen"]
[Result "0-1"]
[WhiteElo "2097"]
[BlackElo "2293"]
[PlyCount "122"]
[EventDate "2012.12.16"]
[EventRounds "9"]
[EventCountry "CRO"]
[Source "crochess.com"]
[SourceDate "2012.12.22"]

1. Nf3 c5 2. c4 g6 3. d4 cxd4 4. Nxd4 Bg7 5. Nc3 Nf6 6. e4 d6 7. Be3 Ng4 8. Nc2
Nc6 9. Be2 Nxe3 10. Nxe3 O-O 11. O-O Be6 12. Qd2 Rc8 13. Rac1 f5 14. Ned5 Nd4
15. Bd3 fxe4 16. Nxe4 Qd7 17. Rce1 Bf5 18. Ng3 e6 19. Nxf5 gxf5 20. Nc3 e5 21.
Ne2 Ne6 22. Rd1 Kh8 23. Bc2 Rcd8 24. b4 b6 25. Qd5 Qe7 26. f3 Bh6 27. Qd3 Qg7
28. Kh1 Rf6 29. Rg1 Qb7 30. Qd5 Qf7 31. Qd3 Nf8 32. Bb3 Qc7 33. Qd5 Ne6 34. Qd3
Bg7 35. g3 Ng5 36. Qe3 Bh6 37. f4 Ne6 38. Rgf1 e4 39. Nc3 Rg6 40. Rd2 Qg7 41.
Nd5 Qf8 42. Rfd1 Bg7 43. a4 h5 44. Rg1 Rh6 45. Bd1 Rc8 46. Be2 Kh7 47. Rgd1 Qe8
48. Ra2 Qh8 49. a5 Bd4 50. Qb3 Qg7 51. axb6 axb6 52. Ne3 Rf8 53. Nc2 h4 54. g4
fxg4 55. Nxd4 Nxd4 56. Qe3 Nf5 57. Qxe4 Kh8 58. Ra8 Rhf6 59. Rxf8+ Qxf8 60. Rd5
h3 61. Bd3 Qa8 0-1

[Event "19th Open B"]
[Site "Zadar"]
[Date "2012.12.19"]
[Round "6.6"]
[White "Pandurevic, Miro"]
[Black "Bozinovic, Bogdan"]
[Result "1-0"]
[WhiteElo "2269"]
[BlackElo "2187"]
[PlyCount "99"]
[EventDate "2012.12.16"]
[EventRounds "9"]
[EventCountry "CRO"]
[Source "crochess.com"]
[SourceDate "2012.12.22"]

1. c4 e5 2. Nc3 Nf6 3. g3 c6 4. Bg2 d5 5. cxd5 cxd5 6. d3 d4 7. Nb1 Nc6 8. Nf3
Be6 9. Nbd2 Be7 10. O-O O-O 11. Ng5 Bd5 12. Nde4 Nd7 13. f4 exf4 14. Bxf4 Nb6
15. h4 f5 16. Nd2 Bxg2 17. Kxg2 Qd5+ 18. Ngf3 Qe6 19. Nb3 Rad8 20. Qd2 Rfe8 21.
Rf2 Bb4 22. Qc2 Rd5 23. Raf1 h6 24. a3 Be7 25. e4 dxe3 26. Re1 Rb5 27. Nbd2 Qa2
28. Bxe3 Rxb2 29. Qd1 Nd5 30. Bd4 Nxd4 31. Nxd4 Nc3 32. Qh5 Qd5+ 33. Kh2 Rf8
34. Rxe7 Qxd4 35. Qf3 Nb1 36. Ne4 Nxa3 37. Rxb2 Qxb2+ 38. Nf2 Rf7 39. Re2 Qd4
40. Nh3 Nb5 41. Re8+ Kh7 42. Ng5+ Kg6 43. Nxf7 Kxf7 44. Qh5+ g6 45. Qe2 Qd7 46.
Rh8 Kf6 47. Re8 Nd4 48. Qe3 Kf7 49. Rh8 Kf6 50. Rxh6 1-0

[Event "19th Open B"]
[Site "Zadar"]
[Date "2012.12.19"]
[Round "6.7"]
[White "Medic, Miljenko"]
[Black "Bubicic, Josip"]
[Result "1/2-1/2"]
[WhiteElo "2231"]
[BlackElo "2063"]
[PlyCount "31"]
[EventDate "2012.12.16"]
[EventRounds "9"]
[EventCountry "CRO"]
[Source "crochess.com"]
[SourceDate "2012.12.22"]

1. d4 Nf6 2. c4 c5 3. d5 d6 4. Nc3 g6 5. e4 Bg7 6. Nf3 O-O 7. Be2 e6 8. Bf4 h6
9. O-O exd5 10. cxd5 g5 11. Bd2 Re8 12. Qc2 b6 13. Rfe1 a6 14. a4 Nbd7 15. h3
Rb8 16. Nh2 1/2-1/2

[Event "19th Open B"]
[Site "Zadar"]
[Date "2012.12.19"]
[Round "6.10"]
[White "Samovojska, Damir"]
[Black "Klem, Davor"]
[Result "1-0"]
[WhiteElo "2225"]
[BlackElo "2103"]
[PlyCount "133"]
[EventDate "2012.12.16"]
[EventRounds "9"]
[EventCountry "CRO"]
[Source "crochess.com"]
[SourceDate "2012.12.22"]

1. Nf3 Nc6 2. d4 d6 3. Bf4 Nf6 4. Nc3 Bf5 5. Nh4 Bd7 6. Nf3 Bf5 7. h3 e6 8. g4
Bg6 9. Bg2 Ne4 10. Nxe4 Bxe4 11. Qd2 e5 12. dxe5 dxe5 13. Qe3 Bxc2 14. Nxe5
Bb4+ 15. Kf1 O-O 16. Nxc6 bxc6 17. Bxc6 Rb8 18. Kg2 Rb6 19. Bf3 Bd6 20. Bxd6
Qxd6 21. Qc3 Qg6 22. Rac1 Be4 23. Qd4 Bxf3+ 24. exf3 Qe6 25. a3 Rb3 26. Rc2 Qb6
27. Qe5 Qb7 28. Qe2 h6 29. Rd1 Rb8 30. Rd7 Rc8 31. Re7 Kf8 32. Re3 g6 33. Rxb3
Qxb3 34. Qc4 Qb6 35. b4 a5 36. Qc3 Kg8 37. bxa5 Qd6 38. Qc5 Qa6 39. Rb2 Ra8 40.
Qxc7 Qxa5 41. Qxa5 Rxa5 42. Rb3 g5 43. Kf1 Kg7 44. Ke2 Ra4 45. Kd2 h5 46. Kc2
hxg4 47. fxg4 Rf4 48. f3 f5 49. Re3 fxg4 50. hxg4 Rc4+ 51. Kb3 Rc1 52. a4 Kf6
53. Kb4 Rb1+ 54. Rb3 Ra1 55. a5 Ke5 56. Kb5 Kf4 57. a6 Rh1 58. a7 Rh8 59. Ka6
Rh6+ 60. Rb6 Rh8 61. Rb3 Rh6+ 62. Kb5 Rh8 63. Ra3 Ra8 64. Kb6 Rh8 65. a8=Q Rxa8
66. Rxa8 Kxf3 67. Ra4 1-0

[Event "19th Open B"]
[Site "Zadar"]
[Date "2012.12.20"]
[Round "7.1"]
[White "Mihalinec, Damir"]
[Black "Brigljevic, Milan"]
[Result "1/2-1/2"]
[WhiteElo "2235"]
[BlackElo "2213"]
[PlyCount "64"]
[EventDate "2012.12.16"]
[EventRounds "9"]
[EventCountry "CRO"]
[Source "crochess.com"]
[SourceDate "2012.12.22"]

1. c4 f5 2. g3 Nf6 3. Bg2 e6 4. Nf3 c6 5. O-O d5 6. b3 Bd6 7. Bb2 O-O 8. d3 Qe7
9. Nbd2 Nbd7 10. a3 e5 11. cxd5 cxd5 12. b4 a5 13. Nh4 Nb6 14. bxa5 Rxa5 15. e4
Na4 16. Qb3 Nxb2 17. Qxb2 fxe4 18. dxe4 g5 19. Nhf3 Nxe4 20. Nxe4 dxe4 21. Nd2
Bc5 22. Nxe4 Bd4 23. Qd2 b6 24. Rac1 Ba6 25. Rfd1 Rxa3 26. Rc6 Bb7 27. Rf6 Bxe4
28. Qxg5+ Kh8 29. Rxf8+ Qxf8 30. Bxe4 Ra2 31. Qh5 Qe7 32. Rf1 Ra1 1/2-1/2

[Event "19th Open B"]
[Site "Zadar"]
[Date "2012.12.20"]
[Round "7.2"]
[White "Tesla, Miro"]
[Black "Franciskovic, Borka"]
[Result "1/2-1/2"]
[WhiteElo "2017"]
[BlackElo "2230"]
[PlyCount "141"]
[EventDate "2012.12.16"]
[EventRounds "9"]
[EventCountry "CRO"]
[Source "crochess.com"]
[SourceDate "2012.12.22"]

1. d4 Nf6 2. Nf3 e6 3. Bf4 b6 4. e3 Be7 5. h3 c5 6. Bd3 cxd4 7. exd4 O-O 8. O-O
d6 9. Re1 Bb7 10. Nbd2 Qc7 11. Qe2 Re8 12. Rac1 Nbd7 13. c4 Rac8 14. Bh2 Qb8
15. b4 Qa8 16. Qd1 Nf8 17. Qb3 Ng6 18. a3 Bf8 19. Re3 Nd5 20. Ree1 Ndf4 21. Bb1
a5 22. Rc3 Rcd8 23. Rce3 Nh5 24. Qc2 Nf6 25. Bg3 axb4 26. axb4 Rc8 27. Qb2 Bc6
28. Qc2 Bd7 29. Qb2 Qb7 30. Qb3 Bc6 31. Qd3 Ra8 32. Qb3 Ra7 33. Ne4 Nxe4 34.
Bxe4 Bxe4 35. Rxe4 Rea8 36. R4e3 h6 37. Kh2 Qd7 38. Rb1 Ne7 39. Qd1 Nf5 40. Rc3
Nxg3 41. fxg3 Rc8 42. Qc2 g6 43. c5 Rac7 44. Rc1 dxc5 45. dxc5 bxc5 46. Ne5 Qd4
47. Nxg6 fxg6 48. Qxg6+ Qg7 49. Qxe6+ Qf7 50. Qxf7+ Kxf7 51. bxc5 Bxc5 52. Kh1
Rc6 53. Rc4 R6c7 54. R4c2 Ke6 55. g4 Kd5 56. Rc4 Re8 57. R4c2 Re4 58. Rd1+ Rd4
59. Rdc1 Kd6 60. Kh2 Bb6 61. Rxc7 Bxc7 62. Kg3 Kd7+ 63. Kh4 Rd5 64. Rf1 Bd8+
65. Kg3 Ke6 66. Rf3 Bf6 67. Rf5 Rd3+ 68. Rf3 Rd2 69. Rf5 Be5+ 70. Kf3 Rd3+ 71.
Ke2 1/2-1/2

[Event "19th Open B"]
[Site "Zadar"]
[Date "2012.12.20"]
[Round "7.3"]
[White "Curic, Drazen"]
[Black "Pandurevic, Miro"]
[Result "1/2-1/2"]
[WhiteElo "2293"]
[BlackElo "2269"]
[PlyCount "82"]
[EventDate "2012.12.16"]
[EventRounds "9"]
[EventCountry "CRO"]
[Source "crochess.com"]
[SourceDate "2012.12.22"]

1. c4 e5 2. Nc3 Nc6 3. g3 g6 4. Bg2 Bg7 5. e3 Nge7 6. Nge2 d6 7. O-O Be6 8. Nd5
Nf5 9. b4 Qd7 10. b5 Nd8 11. e4 Ne7 12. Nxe7 Qxe7 13. d3 Qd7 14. Rb1 O-O 15. f4
f5 16. Qc2 fxe4 17. dxe4 c6 18. Ba3 cxb5 19. cxb5 Rc8 20. Qd2 Nf7 21. fxe5 Nxe5
22. Qxd6 Rxf1+ 23. Rxf1 Qxd6 24. Bxd6 Bxa2 25. Nf4 Rd8 26. Bc7 Rd7 27. Rc1 Nc4
28. Nd5 Bd4+ 29. Kh1 Bb2 30. Rc2 Rf7 31. Bh3 Kf8 32. Be6 Bb3 33. Rxb2 Nxb2 34.
Bxf7 Kxf7 35. Kg2 Nd3 36. Kf3 Nc5 37. Bd6 Ne6 38. Ke3 Bc2 39. e5 a5 40. bxa6
bxa6 41. Ba3 Bb3 1/2-1/2

[Event "19th Open B"]
[Site "Zadar"]
[Date "2012.12.20"]
[Round "7.4"]
[White "Blazeka, Matej"]
[Black "Villegas, Pierre"]
[Result "1-0"]
[WhiteElo "2271"]
[BlackElo "2202"]
[PlyCount "75"]
[EventDate "2012.12.16"]
[EventRounds "9"]
[EventCountry "CRO"]
[Source "crochess.com"]
[SourceDate "2012.12.22"]

1. e4 e5 2. Nf3 Nf6 3. Nc3 Nc6 4. Bb5 Bc5 5. O-O O-O 6. Nxe5 Nxe5 7. d4 Bd6 8.
f4 Neg4 9. e5 Be7 10. exf6 Nxf6 11. Qf3 d5 12. f5 c6 13. Bd3 b5 14. Bg5 b4 15.
Na4 a5 16. Rfe1 Ba6 17. Nc5 Bxd3 18. cxd3 Ra7 19. Re2 h6 20. Bh4 Ne8 21. Bxe7
Rxe7 22. Re5 Nf6 23. Rae1 Rfe8 24. Qg3 Kf8 25. R1e2 Qc7 26. h3 Qa7 27. Rxe7
Rxe7 28. Qd6 Qc7 29. Qxe7+ Qxe7 30. Rxe7 Kxe7 31. Nb7 a4 32. Nc5 Nd7 33. Nxa4
Kf6 34. g4 Kg5 35. Nc5 Nb8 36. a4 bxa3 37. bxa3 h5 38. gxh5 1-0

[Event "19th Open B"]
[Site "Zadar"]
[Date "2012.12.20"]
[Round "7.5"]
[White "Jelecevic, Ivo"]
[Black "Medancic, Rikard"]
[Result "1/2-1/2"]
[WhiteElo "2172"]
[BlackElo "2236"]
[PlyCount "34"]
[EventDate "2012.12.16"]
[EventRounds "9"]
[EventCountry "CRO"]
[Source "crochess.com"]
[SourceDate "2012.12.22"]

1. e4 e5 2. Nf3 Nc6 3. Bb5 Nf6 4. O-O Be7 5. Re1 d6 6. d4 Bd7 7. Nc3 exd4 8.
Nxd4 Nxd4 9. Bxd7+ Qxd7 10. Qxd4 O-O 11. Bf4 Rfe8 12. Rad1 Qc6 13. Qd3 a6 14.
h3 h6 15. Re2 Bf8 16. b3 Re6 17. Rde1 Rae8 1/2-1/2

[Event "19th Open B"]
[Site "Zadar"]
[Date "2012.12.20"]
[Round "7.7"]
[White "Hasanagic, Alen"]
[Black "Samovojska, Damir"]
[Result "1/2-1/2"]
[WhiteElo "2130"]
[BlackElo "2225"]
[PlyCount "97"]
[EventDate "2012.12.16"]
[EventRounds "9"]
[EventCountry "CRO"]
[Source "crochess.com"]
[SourceDate "2012.12.22"]

1. d4 d5 2. c4 e5 3. dxe5 d4 4. Nf3 Nc6 5. a3 a5 6. g3 Nge7 7. Nbd2 g6 8. Ne4
Bg7 9. Bg5 Bf5 10. Nf6+ Kf8 11. Nd5 Be4 12. Nxe7 Nxe7 13. Bg2 c5 14. O-O h6 15.
Bd2 Nc6 16. Ne1 Bxg2 17. Kxg2 Bxe5 18. Nd3 Bd6 19. e4 Ne5 20. Nxe5 Bxe5 21. f4
Bc7 22. Qf3 Kg7 23. h4 f5 24. e5 h5 25. b4 b6 26. bxc5 bxc5 27. a4 Qd7 28. Rfb1
Rab8 29. Rb5 Rhc8 30. Rab1 Rxb5 31. Rxb5 Rb8 32. Kf2 Rxb5 33. axb5 Bd8 34. Ke2
Qa7 35. Qd5 Bb6 36. Bc1 a4 37. Ba3 Qa5 38. e6 Bd8 39. Qe5+ Bf6 40. Qxc5 Qc3 41.
Qf8+ Kh7 42. Qf7+ Bg7 43. Bf8 Qe3+ 44. Kd1 Qd3+ 45. Kc1 Qc3+ 46. Kd1 Qd3+ 47.
Kc1 Qc3+ 48. Kd1 Qd3+ 49. Kc1 1/2-1/2

[Event "19th Open B"]
[Site "Zadar"]
[Date "2012.12.20"]
[Round "7.8"]
[White "Bubicic, Josip"]
[Black "Stipic, Marko"]
[Result "0-1"]
[WhiteElo "2063"]
[BlackElo "2215"]
[PlyCount "58"]
[EventDate "2012.12.16"]
[EventRounds "9"]
[EventCountry "CRO"]
[Source "crochess.com"]
[SourceDate "2012.12.22"]

1. e4 c5 2. Nf3 e6 3. d4 cxd4 4. Nxd4 Nf6 5. Nc3 d6 6. Be2 a6 7. O-O Qc7 8. Kh1
b5 9. a3 Bb7 10. Bd3 d5 11. exd5 Nxd5 12. Nxd5 Bxd5 13. Re1 Be7 14. Qg4 Nd7 15.
Bf4 Qb7 16. Re3 h5 17. Qh3 g5 18. Rxe6 fxe6 19. Bg6+ Kd8 20. Nxe6+ Bxe6 21.
Qxe6 gxf4 22. Rd1 Rh6 23. f3 a5 24. c4 Ra6 25. Qg8+ Kc7 26. Be4 Qc8 27. Qf7
Rae6 28. cxb5 Qf8 29. Qxf8 Bxf8 0-1

[Event "19th Open B"]
[Site "Zadar"]
[Date "2012.12.20"]
[Round "7.9"]
[White "Matko, Ognjen"]
[Black "Vrhovnik, Damir"]
[Result "1-0"]
[WhiteElo "2243"]
[BlackElo "2097"]
[PlyCount "93"]
[EventDate "2012.12.16"]
[EventRounds "9"]
[EventCountry "CRO"]
[Source "crochess.com"]
[SourceDate "2012.12.22"]

1. e4 c5 2. c3 d6 3. d4 Nf6 4. Bd3 Nc6 5. Nf3 Bg4 6. d5 Ne5 7. Nxe5 dxe5 8. Qb3
Qc7 9. f3 Bd7 10. Be3 g6 11. Bc4 Qc8 12. O-O Bg7 13. Nd2 O-O 14. a4 Qc7 15. Kh1
Rac8 16. g4 Ne8 17. Bg5 Nf6 18. h3 h6 19. Bh4 g5 20. Bf2 Ne8 21. Rfd1 Nd6 22.
Kg2 Rb8 23. h4 b5 24. axb5 Bxb5 25. Bxb5 Rxb5 26. Qc2 e6 27. c4 Rb7 28. hxg5
hxg5 29. dxe6 fxe6 30. Be3 Nf7 31. Ra6 Rfb8 32. b3 Rb6 33. Ra5 Bf8 34. Rda1
R6b7 35. Qa2 Ra8 36. Ra6 Qd7 37. Qc2 Be7 38. Qc3 Rab8 39. R1a3 Rc8 40. Qa1 Qd3
41. Kf2 Nh6 42. Qxe5 Nxg4+ 43. fxg4 Rf8+ 44. Nf3 Rxf3+ 45. Kxf3 Qf1+ 46. Kg3
Bd6 47. Rxd6 1-0

[Event "19th Open B"]
[Site "Zadar"]
[Date "2012.12.20"]
[Round "7.10"]
[White "Fucak, Emilijo"]
[Black "Brkic, Ivica"]
[Result "1/2-1/2"]
[WhiteElo "2222"]
[BlackElo "2106"]
[PlyCount "46"]
[EventDate "2012.12.16"]
[EventRounds "9"]
[EventCountry "CRO"]
[Source "crochess.com"]
[SourceDate "2012.12.22"]

1. c4 e5 2. g3 g6 3. Bg2 Bg7 4. Nc3 Ne7 5. d3 d6 6. e4 c5 7. Bg5 f6 8. Be3 Nbc6
9. f4 a6 10. Nf3 Nd4 11. O-O O-O 12. Qd2 Bd7 13. Rf2 b5 14. Bxd4 cxd4 15. Nd5
Nxd5 16. cxd5 Qb6 17. fxe5 dxe5 18. h4 h5 19. Kh2 Kh7 20. Raf1 Qd6 21. Qa5 Rac8
22. Ne1 Bh6 23. Bh3 Bxh3 1/2-1/2

[Event "19th Open B"]
[Site "Zadar"]
[Date "2012.12.21"]
[Round "8.2"]
[White "Brigljevic, Milan"]
[Black "Curic, Drazen"]
[Result "1-0"]
[WhiteElo "2213"]
[BlackElo "2293"]
[PlyCount "73"]
[EventDate "2012.12.16"]
[EventRounds "9"]
[EventCountry "CRO"]
[Source "crochess.com"]
[SourceDate "2012.12.22"]

1. e4 c5 2. c3 d5 3. exd5 Qxd5 4. d4 Nf6 5. Nf3 e6 6. Na3 Qd8 7. Nc4 Be7 8. Bg5
cxd4 9. Qxd4 O-O 10. Rd1 Qxd4 11. Nxd4 Nbd7 12. g3 h6 13. Bf4 Nd5 14. Bd6 Bxd6
15. Nxd6 Nc5 16. Bg2 Rd8 17. Nxc8 Raxc8 18. O-O Na4 19. Rd2 Nab6 20. Rb1 Nc4
21. Rdd1 Kf8 22. Ne2 Nf6 23. b3 Nd2 24. Rbc1 b6 25. Nd4 Nde4 26. c4 Ke8 27. f3
Nc5 28. Bf1 Rd7 29. Be2 a6 30. Kf1 g6 31. b4 Na4 32. c5 Ra8 33. c6 Rda7 34. Bb5
axb5 35. Nxb5 Nb2 36. Nxa7 Rxa7 37. Rd2 1-0

[Event "19th Open B"]
[Site "Zadar"]
[Date "2012.12.21"]
[Round "8.4"]
[White "Franciskovic, Borka"]
[Black "Stipic, Marko"]
[Result "1-0"]
[WhiteElo "2230"]
[BlackElo "2215"]
[PlyCount "87"]
[EventDate "2012.12.16"]
[EventRounds "9"]
[EventCountry "CRO"]
[Source "crochess.com"]
[SourceDate "2012.12.22"]

1. c4 e6 2. Nc3 d5 3. d4 f5 4. cxd5 exd5 5. g3 Nf6 6. Bg2 c6 7. Nf3 Be7 8. O-O
O-O 9. Bf4 Qe8 10. Rb1 Ne4 11. Qc1 Qh5 12. b4 g5 13. Bxb8 Rxb8 14. b5 Rf6 15.
Nxe4 fxe4 16. Qxg5+ Qxg5 17. Nxg5 Bd7 18. bxc6 Rxc6 19. Nh3 Rc2 20. Nf4 Bc6 21.
Rfc1 Rxc1+ 22. Rxc1 Bf6 23. e3 Kf7 24. f3 exf3 25. Bxf3 Rd8 26. h4 Be7 27. Kf2
Ke8 28. Ne6 Rd6 29. Ng7+ Kf7 30. Nf5 Rf6 31. Nxe7 Kxe7 32. g4 h6 33. Kg3 Re6
34. Rc3 a5 35. g5 hxg5 36. hxg5 b5 37. a3 Kf7 38. Rxc6 Rxc6 39. Bxd5+ Re6 40.
Kf4 Ke7 41. Bxe6 Kxe6 42. Ke4 b4 43. axb4 a4 44. Kd3 1-0

[Event "19th Open B"]
[Site "Zadar"]
[Date "2012.12.21"]
[Round "8.5"]
[White "Samovojska, Damir"]
[Black "Matko, Ognjen"]
[Result "0-1"]
[WhiteElo "2225"]
[BlackElo "2243"]
[PlyCount "56"]
[EventDate "2012.12.16"]
[EventRounds "9"]
[EventCountry "CRO"]
[Source "crochess.com"]
[SourceDate "2012.12.22"]

1. d4 d5 2. Nf3 Nf6 3. Bf4 c5 4. e3 Nc6 5. c3 Qb6 6. Qb3 c4 7. Qc2 Bf5 8. Qc1
e6 9. h3 Be7 10. Be2 O-O 11. O-O Qa5 12. Ne5 Nxe5 13. Bxe5 b5 14. Nd2 Ne4 15.
Nxe4 Bxe4 16. b4 Qb6 17. a4 a5 18. bxa5 Qxa5 19. axb5 Ba3 20. Qd2 Qxb5 21. Rxa3
Rxa3 22. Bd6 Rfa8 23. Bxa3 Rxa3 24. f3 Bg6 25. h4 Qb3 26. Rc1 Ra2 27. Qe1 Qb2
28. Bf1 Bd3 0-1

[Event "19th Open B"]
[Site "Zadar"]
[Date "2012.12.21"]
[Round "8.6"]
[White "Medancic, Rikard"]
[Black "Berke, Ana"]
[Result "1/2-1/2"]
[WhiteElo "2236"]
[BlackElo "2151"]
[PlyCount "120"]
[EventDate "2012.12.16"]
[EventRounds "9"]
[EventCountry "CRO"]
[Source "crochess.com"]
[SourceDate "2012.12.22"]

1. Nf3 c5 2. b3 Nc6 3. Bb2 d5 4. d4 e6 5. e3 Nf6 6. Be2 Bd6 7. dxc5 Bxc5 8. O-O
O-O 9. c4 b6 10. cxd5 Nxd5 11. Nbd2 Bb7 12. Ne4 Be7 13. Rc1 Rc8 14. Nd4 Ndb4
15. Ng3 Nxd4 16. Bxd4 Bf6 17. Rxc8 Bxc8 18. Bxf6 Qxf6 19. Qd2 Qe7 20. Rd1 h6
21. Bf3 Na6 22. Ne4 e5 23. h3 Nc5 24. Qd6 Qxd6 25. Nxd6 Be6 26. Nb5 e4 27. Be2
Rc8 28. Nd4 Bd7 29. Bc4 a5 30. Kh2 Kf8 31. g4 Ke7 32. Kg3 g5 33. Rd2 Rb8 34.
Rc2 Rc8 35. Rd2 Rb8 36. Bb5 Bxb5 37. Nxb5 Nd3 38. f3 Nc5 39. Nd4 Kf6 40. Nf5
exf3 41. Rd6+ Ke5 42. Kxf3 h5 43. Rh6 h4 44. Nd4 Rb7 45. Nc6+ Kd5 46. Nd4 Nd3
47. Rf6 Ne5+ 48. Ke2 b5 49. Rf5 Ke4 50. Rxg5 a4 51. b4 Rc7 52. Rf5 Rc1 53. Rf4+
Kd5 54. Nxb5 Rc2+ 55. Kd1 Rh2 56. Nc3+ Ke6 57. Nxa4 Rxh3 58. Nc5+ Kd6 59. a4
Rh1+ 60. Ke2 h3 1/2-1/2

[Event "19th Open B"]
[Site "Zadar"]
[Date "2012.12.21"]
[Round "8.9"]
[White "Villegas, Pierre"]
[Black "Hasanagic, Alen"]
[Result "1-0"]
[WhiteElo "2202"]
[BlackElo "2130"]
[PlyCount "93"]
[EventDate "2012.12.16"]
[EventRounds "9"]
[EventCountry "CRO"]
[Source "crochess.com"]
[SourceDate "2012.12.22"]

1. d4 d6 2. e4 Nf6 3. f3 g6 4. c4 Bg7 5. Ne2 O-O 6. Nbc3 Nc6 7. Be3 a6 8. Qd2
Rb8 9. Rc1 Bd7 10. Nd1 e6 11. Nf2 Ne7 12. g3 e5 13. Bg2 exd4 14. Bxd4 Nc6 15.
Be3 Re8 16. O-O Qe7 17. h3 Rbd8 18. Nf4 Ne5 19. Rfd1 Be6 20. Nd5 Bxd5 21. cxd5
Rc8 22. Qb4 b6 23. Qd2 a5 24. a3 b5 25. b3 a4 26. f4 Ned7 27. bxa4 bxa4 28. Qa5
Ra8 29. Qxc7 Rec8 30. Qb7 Rcb8 31. Qc6 Rc8 32. Qb5 Rcb8 33. Qc6 Rc8 34. Qxc8+
Rxc8 35. Rxc8+ Bf8 36. Bd4 h5 37. Rb1 Kh7 38. Rb7 Bg7 39. Rcc7 Kg8 40. e5 dxe5
41. fxe5 Qxa3 42. Rc8+ Nf8 43. exf6 Bh6 44. Rcc7 h4 45. Rxf7 Qc1+ 46. Bf1 hxg3
47. Ng4 1-0